| 000 | 03831nam a22003737a 4500 | ||
|---|---|---|---|
| 005 | 20240530110536.0 | ||
| 008 | 160412s2007 le g be 000 0 ara d | ||
| 040 | _aEG-CaGPL | ||
| 082 | 0 | 4 |
_221 _a953.003\ _bم م |
| 245 | 0 | 0 |
_aمعارك العرب : _bمنذ ما قبل الاسلام و حتى حروب الخليج / _cمجموعة من المؤلفين _nالمجلد ( 1 ) _pالعرب فى الجاهلية . _nالمجلد ( 2 ) _pظهور الاسلام ( منذ بداية الدعوة الى فتح مكة ) . _nالمجلد ( 3 ) _pحروب الردة و فتح الحيرة . _nالمجلد ( 4 ) _pالفتوحات الكبرى (1) - فتوحات الشام و معركة القادسية. _nالمجلد ( 5 ) _pالفتوحات الكبرى (2) - فتح العراق و فارس . _nالمجلد ( 6 ) _pالفتوحات الكبرى (3) - اكمال فتح الشام - الفتنة الكبرى . _nالمجلد ( 7 ) _pالفتوحات الكبرى (4) - العرب فى المغرب و الاندلس . _nالمجلد ( 8) _pالخلافة الاموية (1) - انتقال الخلافة الى الامويين و الثورات ضدهم . _nالمجلد ( 9) _pدور القوة و الفتوحات و الثورة العباسية . _nالمجلد ( 10) _pالخلافة العباسية (1) العصر العباسى الاول . _nالمجلد ( 11) _pالخلافة العباسية (2) العصر العباسى الثانى او سيطرة الترك . _nالمجلد ( 12) _pالخلافة العباسية (3) العصر العباسى الثالث و سيطرة بنى بوية . _nالمجلد ( 13) _pالخلافة العباسية (4) العصر العباسى الرابع عصر النفوذ السلجوقى (1) . _nالمجلد ( 14) _pالخلافة العباسية (5) عصر النفوذ السلجوقى (2) . _nالمجلد ( 15) _pالخلافة العباسية (6) من النفوذ السلجوقى الى سيطرة ال زنكى . _nالمجلد ( 16) _pالصراع ضد الصليبيين (1) عصر التمدد الصليبى . _nالمجلد ( 17) _pالصراع ضد الصليبيين (2) عصر الاسترداد الاسلامى . _nالمجلد ( 18) _pعصر الامارة المعنية . _nالمجلد ( 19) _pعصر الامارة الشهابية - 1 - . _nالمجلد ( 20) _pعصر الامارة الشهابية (2) و الثورة العربية الكبرى . _nالمجلد ( 21) _pالحروب العربية الاسرائيلية (1) . _nالمجلد ( 22) _pالحروب العربية الاسرائيلية (2) . _nالمجلد ( 23) _pحروب الخليج العربى . _nالمجلد ( 24) _pالفهرس العام . |
| 260 |
_aبيروت : _bدار نوبليس ، _c2007 . |
||
| 300 |
_a24 مج ؛ _c32 سم . |
||
| 504 | _aيشتمل على ارجاعات ببليوجرافية | ||
| 650 | 0 | 4 | _aحروب الردة |
| 650 | 0 | 4 | _aالحروب الصليبية |
| 650 | 0 | 4 | _aالنزاع العربى الاسرائيلى |
| 650 | 0 | 4 | _aفتح الشام |
| 650 | 0 | 4 | _aفتح العراق |
| 650 | 0 | 4 | _aفتح فارس |
| 650 | 0 | 4 | _aالخلافة الاموية |
| 650 | 0 | 4 | _aالخلافة العباسية |
| 650 | 0 | 4 | _aالعصر العباسى الاول |
| 650 | 0 | 4 | _aالعصر العباسى الثانى |
| 650 | 0 | 4 | _aالعصر العباسى الثالث |
| 650 | 0 | 4 | _aالعصر العباسى الرابع |
| 650 | 0 | 4 | _aالسلاجقة |
| 650 | 0 | 4 | _aمعركة القادسية |
| 651 | 0 | 4 |
_aالعالم العربى _xتاريخ |
| 651 | 0 | 4 |
_aالعالم العربى _xالاحوال السياسية |
| 651 | 0 | 4 |
_aالعالم العربى _xالمعارك الحربية |
| 700 | 0 |
_aمجموعة من المؤلفين _eمؤلف |
|
| 942 |
_2ddc _cBK |
||
| 999 |
_c62185 _d62185 |
||